000 00904nam a2200289Ia 4500
003 OSt
005 20220928130206.0
006 a|||||r|||| 00| 0
007 ta
008 220927b |||||||| |||| 00| 0 eng d
020 _c3095.0219999999999
024 _a115437
037 _b127, 10/02/2012, Aviva Books Company
_cTextual
040 _aSDCL
_cSDCL
_beng
041 _2eng
_aeng
082 _aB75, Q2
100 _aYoung Donald F
_9473081
245 0 _aIntroduction to fluid mechanics
_b International student version.
250 _a5
260 _aHoboken
_bJohn Wiley
_c2012
300 _axx,474p+others
_ccm.
650 _aMathematics
700 _a Munson Bruce R
_9473082
700 _a Okiishi Theodore H
_9473083
942 _hB75, Q2
_cTEXL
_2CC
999 _c785613
_d785613